[Event "Olympiad"]
[Site "Bled SLO"]
[Date "2002.11.06"]
[Round "11"]
[White "Tiviakov,S"]
[Black "Degraeve,JM"]
[Result "1-0"]
[WhiteElo "2631"]
[BlackElo "2575"]

1.e4 e6 2.d4 d5 3.Nd2 Be7 4.Bd3 c5 5.dxc5 Nf6 6.Qe2 Nc6 7.Ngf3 a5 8.a4 Nb4
9.exd5 Qxd5 10.Bb5+ Bd7 11.Nb3 Bxc5 12.O-O Bb6 13.Bxd7+ Qxd7 14.Rd1 Qc7 15.c3 Nc6
16.Bg5 Nd7 17.Qb5 Ra6 18.Rd2 O-O 19.Rad1 Ndb8 20.Nc5 Bxc5 21.Qxc5 Ra8 22.Rd8 Qxd8
23.Bxd8 Na6 24.Qb6 Rfxd8 25.Rxd8+ Rxd8 26.Kf1 Rd7 27.Ke2 h6 28.Nd2 Ne5 29.Qb5  1-0

[Event "Olympiad w"]
[Site "Bled SLO"]
[Date "2002.11.07"]
[Round "12"]
[White "Dembo,Y"]
[Black "Matveeva,S"]
[Result "0-1"]
[WhiteElo "2375"]
[BlackElo "2465"]

1.e4 e6 2.d4 d5 3.Nd2 Be7 4.Ngf3 Nf6 5.e5 Nfd7 6.Bd3 c5 7.c3 a5 8.O-O cxd4
9.cxd4 Nc6 10.Re1 Qb6 11.Nb1 Nxd4 12.Nxd4 Qxd4 13.Nc3 Qb6 14.Be3 d4 15.Na4 Qa7
16.Bd2 O-O 17.Rc1 Rd8 18.Qb3 b6 19.Bb5 Nc5 20.Nxc5 bxc5 21.Bc6 a4 22.Qb5 Bd7
23.Bxd7 Qxd7 24.Qd3 Rdb8 25.Rc2 Qd5 26.Qa3 Bf8 27.Rec1 Qxe5 28.Qf3 Qd5 29.Qxd5 exd5
30.Bf4 Rb5 31.Rd1 Re8 32.Kf1 Re4 33.Bg3 c4 34.f3 d3  0-1

[Event "Olympiad w"]
[Site "Bled SLO"]
[Date "2002.11.08"]
[Round "13"]
[White "Lakos,N"]
[Black "Richards,H"]
[Result "1/2-1/2"]
[WhiteElo "2350"]
[BlackElo "2264"]

1.e4 e6 2.d4 d5 3.Nd2 Be7 4.Bd3 c5 5.dxc5 Nf6 6.Qe2 O-O 7.Ngf3 a5 8.O-O Nfd7
9.exd5 exd5 10.Re1 Nc6 11.Bb5 Bf6 12.c3 Nxc5 13.Nb3 Ne6 14.Be3 a4 15.Nbd4 Qc7
16.Rad1 a3 17.b3 Na7 18.c4 dxc4 19.Bxc4 Re8 20.Nb5 Nxb5 21.Bxb5 Rf8 22.Rc1 Qe7
23.Red1 Rd8 24.Rxd8+ Qxd8 25.Rd1 Qc7 26.h3 h6 27.Rc1 Qb8 28.Qd2 b6 29.Bc6 Ra7
30.Qb4 Bd8 31.Nd4 Nxd4 32.Qxd4 Be6 33.Qb4 Ra5 34.Rd1 Bf6 35.Bf4 Qc8 36.Bf3 Qc5
37.Bd6 Qxb4 38.Bxb4 Ra7 39.Bd5 Rd7 40.Bf3 Ra7 41.Bd5 Rd7  1/2-1/2

[Event "Olympiad w"]
[Site "Bled SLO"]
[Date "2002.11.10"]
[Round "14"]
[White "Pokorna,Reg"]
[Black "Matveeva,S"]
[Result "0-1"]
[WhiteElo "2362"]
[BlackElo "2465"]

1.e4 e6 2.d4 d5 3.Nd2 Be7 4.e5 c5 5.Qg4 Kf8 6.Ndf3 Nc6 7.dxc5 f6 8.Bf4 Bxc5
9.Bd3 Qb6 10.Nh3 Qb4+ 11.c3 Qxb2 12.O-O Qxc3 13.Bb5 fxe5 14.Rfc1 Qb4 15.Rab1 Nf6
16.Qh4 Qe4 17.Bxc6 bxc6 18.Nxe5 h6 19.Kh1 Kg8 20.Rb3 Bf8 21.Rg3 Qf5 22.Rg6 Rh7
23.g4 Nxg4 24.Rxg4 c5 25.Rcg1 Bb7 26.Qg3 d4+ 27.f3 Rc8 28.Rg6 Rc7 29.Nf2 h5
30.Nh3 h4 31.Qg2 Rh5 32.Rg4 Bd5 33.Ng6 Qd3 34.Rf1 Rb7 35.Nxf8 Kxf8 36.Bd6+ Ke8
37.Nf4 h3 38.Qf2 Qf5 39.Nxd5 Qxd5 40.Qg3 Rf5 41.Bf4 Rbf7 42.Re1 g5 43.Bxg5 Rxf3
44.Qb8+ Kd7 45.Qxa7+ Kc8 46.Qa6+ Rb7 47.Qxe6+ Qxe6 48.Rxe6 Rb1+ 49.Rg1 Rff1
50.Re8+ Kb7 51.Re7+ Kc6  0-1

[Event "TCh-FIN 2002-3"]
[Site "Finland FIN"]
[Date "2002.11.16"]
[Round "4"]
[White "Keskinen,S"]
[Black "Koskinen,Hen"]
[Result "1-0"]
[WhiteElo "2227"]
[BlackElo "2336"]

1.e4 e6 2.d4 d5 3.Nd2 Be7 4.Bd3 c5 5.dxc5 Nf6 6.Qe2 Nc6 7.Ngf3 Nb4 8.exd5 Qxd5
9.Bb5+ Bd7 10.Bxd7+ Nxd7 11.Nb3 Nxc5 12.O-O Nxb3 13.axb3 O-O 14.Rd1 Qc5 15.c3 Nd5
16.Ra4 Rfd8 17.Rad4 Bf6 18.R4d3 Qc7 19.Qe4 Qb6 20.b4 h6 21.Ne5 Bxe5 22.Qxe5 Nf6
23.Bxh6 Rxd3 24.Rxd3 Qxf2+ 25.Kxf2 Ng4+ 26.Ke2 Nxe5 27.Rg3 Ng6 28.Bd2 Kf8
29.b5 Ke7 30.c4 e5 31.Ra3 Ke6 32.Be3 a6 33.b4 Ne7 34.Bc5 Nf5 35.g4 Nh4 36.Ke3 f6
37.bxa6 Rxa6 38.Rxa6+ bxa6 39.b5 axb5 40.cxb5 Kd5 41.Bf8 f5 42.b6 f4+ 43.Kf2 Kc6
44.Bxg7 Ng6 45.Bf6 Kxb6 46.h4  1-0

[Event "TCh-FIN 2002-3"]
[Site "Finland FIN"]
[Date "2002.11.16"]
[Round "4"]
[White "Morant,P"]
[Black "Eskola,R"]
[Result "0-1"]
[WhiteElo "2219"]
[BlackElo "2153"]

1.e4 e6 2.d4 d5 3.Nd2 Be7 4.Bd3 c5 5.dxc5 Nf6 6.Qe2 Na6 7.e5 Nd7 8.c6 Ndc5
9.Bb5 O-O 10.cxb7 Bxb7 11.Ngf3 Nc7 12.Nb3 Nxb5 13.Nxc5 Bxc5 14.Qxb5 Qc8 15.Be3 Bxe3
16.fxe3 Qxc2 17.Qxb7 Rab8 18.Qa6 Rxb2 19.Rf1 Qc3+ 20.Kd1 Rb6  0-1

[Event "Bundesliga 2002-3"]
[Site "Tegernsee GER"]
[Date "2002.11.16"]
[Round "3"]
[White "Zwanzger,J"]
[Black "Schmidt,Bo"]
[Result "1-0"]
[WhiteElo "2268"]
[BlackElo "2360"]

1.e4 e6 2.d4 d5 3.Nd2 Be7 4.Bd3 c5 5.dxc5 Nf6 6.exd5 exd5 7.Ne2 O-O 8.O-O Bxc5
9.Nb3 Bd6 10.Bf4 Nc6 11.Bxd6 Qxd6 12.Qd2 Rd8 13.Rad1 Ne5 14.f3 Qb6+ 15.Kh1 Bd7
16.Qf4 Nc4 17.Bxc4 dxc4 18.Nbd4 Qxb2 19.Rb1 Qa3 20.Rxb7 Qxa2 21.Nc3 Qa6 22.Rfb1 Bc6
23.Rc7 Bd5 24.Nf5 Be6 25.Nxg7 Nd5 26.Nxd5 Rxd5 27.Nxe6 Qxe6 28.Rxc4 h5 29.h4 Rad8
30.Qg3+ Kh7 31.Re4 Qc6 32.Qf4 Qg6 33.Rb7 Rf5 34.Qe3 Rg8 35.Qf2 Qc6 36.Ree7 Rg7
37.Rxa7 Rf4 38.Ra5 Qf6 39.Rxh5+ Kg6 40.Ree5 Rg4 41.Qe1  1-0

[Event "WYb18"]
[Site "Heraklio GRE"]
[Date "2002.11.21"]
[Round "7"]
[White "Husnutdinov,D"]
[Black "Bartel,Mat"]
[Result "1/2-1/2"]
[WhiteElo "2346"]
[BlackElo "2440"]

1.e4 e6 2.d4 d5 3.Nd2 Be7 4.Ngf3 Nf6 5.Bd3 c5 6.dxc5 dxe4 7.Nxe4 Nxe4 8.Bxe4 Qxd1+
9.Kxd1 Bxc5 10.Ke2 Nd7 11.Rd1 Nf6 12.Bd3 Ke7 13.Ne5 Rd8 14.c3 h6 15.Be3 Bxe3
16.Kxe3 Nd5+ 17.Kf3 f6 18.Ng6+ Kf7 19.Be4 Bd7 20.Nf4 Nxf4 21.Kxf4 g5+ 22.Ke3 f5
23.Bf3 Ke7 24.b3 Rac8 25.Rac1 b5 26.g3 Rc5 27.Rd3 Rdc8 28.Kd2 b4 29.c4 Ra5
30.Rc2 Be8 31.Kc1 g4 32.Bg2 f4 33.Be4 f3 34.Rd4 Rd8 35.Rxd8 Kxd8 36.c5 Kc7
37.Kd2 e5 38.Kd3 Bf7 39.Bf5 Ra3 40.Ke4 a5 41.Kxe5 a4 42.Rb2 axb3 43.axb3 h5
44.Be6 Bxe6 45.Kxe6 Kc6 46.Kf5 Ra5 47.Rc2 Ra3 48.Rb2 Kxc5 49.Kg5 Kd4 50.Kxh5 Kd3
51.Kxg4 Kc3 52.Rb1 Kc2 53.Re1 Rxb3 54.h4 Rd3 55.h5 b3 56.h6 b2 57.h7 Rd8
58.Kh5 Rd5+ 59.Kg4 Rd8 60.Kh5 Rd5+ 61.Kg4 Rd8  1/2-1/2

[Event "33rd NCC"]
[Site "Philadelphia USA"]
[Date "2002.11.29"]
[Round "2"]
[White "Steigman,A"]
[Black "Ibragimov,I"]
[Result "0-1"]
[WhiteElo "2267"]
[BlackElo "2566"]

1.e4 e6 2.d4 d5 3.Nd2 a6 4.exd5 exd5 5.Bd3 c5 6.dxc5 Bxc5 7.Ngf3 Nf6 8.O-O O-O
9.Nb3 Ba7 10.Bg5 Bg4 11.c3 Nc6 12.Be2 Re8 13.h3 Bh5 14.Nfd4 Bxe2 15.Nxe2 h6
16.Bh4 Qd6 17.Bg3 Qd7 18.Qd3 Ne5 19.Bxe5 Rxe5 20.Ng3 Rae8 21.Nd4 g6 22.Rad1 h5
23.Nf3 R5e7 24.Rfe1 Qa4 25.Rxe7 Rxe7 26.a3 Ne4 27.Nd4 Nxg3 28.fxg3 Qe8 29.Qf3 Re4
30.Kh1 Bb8 31.Nc2 Re2 32.Nb4 Re1+ 33.Kh2 h4 34.Rxe1 Qxe1  0-1

[Event "TCh-AUT B"]
[Site "Mitte AUT"]
[Date "2002.11.30"]
[Round "4"]
[White "Pavasovic,D"]
[Black "Topakian,R"]
[Result "1-0"]
[WhiteElo "2581"]
[BlackElo "2424"]

1.e4 e6 2.d4 d5 3.Nd2 Be7 4.Ngf3 Nf6 5.Bd3 c5 6.e5 Nfd7 7.c3 Nc6 8.O-O a5
9.Re1 cxd4 10.cxd4 Qb6 11.a4 Nxd4 12.Nxd4 Qxd4 13.Nf3 Qb6 14.Qc2 Nc5 15.Be3 Qb3
16.Bxh7 Bd7 17.Rec1 Qxc2 18.Bxc2 Rc8 19.Nd4 O-O 20.b3 b6 21.Rf1 Rc7 22.Rad1 Rfc8
23.g4 Ne4 24.Bxe4 dxe4 25.Rfe1 Bc5 26.h4 Bxd4 27.Rxd4 Bc6 28.Red1 b5 29.axb5 Bxb5
30.Ra1 Rc3 31.Rxe4 Rxb3 32.Rxa5 Rb1+ 33.Kh2 Bc4 34.Ra7 Bd5 35.Rea4 Rcb8 36.Rc7 R1b7
37.Rxb7 Rxb7 38.Ra8+ Kh7 39.Rf8 Bf3 40.Kg3 Bd1 41.Rd8 Bb3 42.h5 Bd5 43.Rf8 Rc7
44.Rb8 Rb7 45.Ra8 Rb1 46.Ra7 Bb7 47.Ra4 Bd5 48.Kf4 Bc6 49.Rd4 Rb5 50.Rd8 Rb4+
51.Kg3 Bd5 52.Rf8 Rb7 53.Bf4 Bc6 54.Kh4 Bf3 55.Kg5 Be4 56.h6 Bg6 57.hxg7 Kxg7
58.Rd8 Rb4 59.Be3 Re4 60.Bd4 Re1 61.f4 Be4 62.Bc5 Bh7 63.Bf8+  1-0

[Event "ch-CRO"]
[Site "Zagreb CRO"]
[Date "2002.11.30"]
[Round "7"]
[White "Doric,N"]
[Black "Pandurevic,M"]
[Result "1-0"]
[WhiteElo "2406"]
[BlackElo "2256"]

1.e4 e6 2.d4 d5 3.Nd2 Nc6 4.Ngf3 Nf6 5.e5 Nd7 6.Nb3 f6 7.Bb5 a5 8.a4 Ndb8
9.O-O Be7 10.exf6 Bxf6 11.Bf4 O-O 12.Bg3 Ne7 13.Re1 b6 14.Qe2 Nf5 15.Be5 Nd6
16.Bd3 Nc6 17.c3 Qe7 18.Nbd2 Qf7 19.Nf1 Nf5 20.Bxf6 Qxf6 21.Ne5 Nd8 22.Ne3 Nd6
23.N3g4 Qg5 24.Qe3 Qh4 25.g3 Qh5 26.h4 Ne4 27.Bxe4 dxe4 28.Qxe4 Bb7 29.Qe2 Qf5
30.Qd3 Qh5 31.f4 Nf7 32.Qe2 Qf5 33.Nxf7 Kxf7 34.Ne5+ Kg8 35.Kh2 Rf6 36.Rac1 Rd8
37.Qg4 c5 38.Qxf5 exf5 39.Red1 Rfd6 40.Nc4 Re6 41.dxc5 Re2+ 42.Kg1 Rde8 43.Rd2 bxc5
44.Rcd1 Bf3 45.Rxe2 Rxe2 46.Rd2 Rxd2 47.Nxd2 Bd5 48.Kf2 Kf7 49.Ke3 Kg6 50.c4 Be6
51.Nb3 Bxc4 52.Nxa5 Bd5 53.b3 Kf6 54.Kd3 Ke6 55.Nc4 Bb7 56.Ne3 Ba6+ 57.Kc3 g6
58.b4 cxb4+ 59.Kxb4 Kd6 60.Ka5 Bb7 61.Kb6 Be4 62.a5 Bd3 63.Nd1 Kd5 64.Nc3+ Kd4
65.Nb5+ Ke3 66.a6 Kf2 67.a7 Be4 68.Nd6 Ba8 69.Kc7 Kxg3 70.Kb8 Bd5 71.Nb7 Kxh4
72.a8=Q Kg4 73.Qa4 Be4 74.Nc5 Kxf4 75.Kc7 h5 76.Kd6 h4 77.Nxe4 fxe4 78.Kd5 g5
79.Qxe4+ Kg3 80.Qh1 h3 81.Ke4 g4 82.Ke3 h2 83.Ke2 Kh3 84.Kf2 g3+ 85.Kf3 Kh4
86.Qg2  1-0

[Event "TCh-ESP"]
[Site "Mondariz ESP"]
[Date "2002.12.01"]
[Round "2"]
[White "Baron Rodriguez,Je"]
[Black "Del Rio Angelis,S"]
[Result "0-1"]
[WhiteElo "2412"]
[BlackElo "2494"]

1.e4 e6 2.d4 d5 3.Nd2 a6 4.Ngf3 c5 5.c3 cxd4 6.cxd4 dxe4 7.Nxe4 Be7 8.Bd3 Nf6
9.O-O O-O 10.Be3 Nxe4 11.Bxe4 Nd7 12.Ne5 Nf6 13.Bf3 Nd5 14.Qb3 a5 15.a4 Ra6
16.Nc4 Bb4 17.Rac1 Bd7 18.Bxd5 exd5 19.Ne5 Be6 20.Bf4 Rb6 21.Qg3 Bf5 22.b3 Ba3
23.Rce1 Re6 24.Nd3 Be4 25.Ne5 Bd6 26.f3 Bc2 27.Re3 Qb6 28.Ng4 Qxd4 29.Bxd6 Rxe3
30.Kh1 Re6 31.Nh6+ Rxh6 32.Bxf8 Rb6 33.Re1 Re6 34.Bb4 Qxb4  0-1

[Event "ch-POL sf"]
[Site "Lubniewice POL"]
[Date "2002.12.04"]
[Round "5"]
[White "Sawicki,M"]
[Black "Owczarzak,J"]
[Result "1-0"]
[WhiteElo "2085"]
[BlackElo "2318"]

1.e4 e6 2.d4 d5 3.Nd2 Be7 4.Bd3 c5 5.dxc5 Nf6 6.Qe2 Nc6 7.Ngf3 Bxc5 8.O-O Nb4
9.Bb5+ Bd7 10.e5 Bxb5 11.Qxb5+ Nd7 12.c3 a6 13.Qe2 Nc6 14.Nb3 Ba7 15.Bf4 O-O
16.Rad1 b5 17.Rd3 Qc7 18.Re1 Rfe8 19.Ng5 Nf8 20.Qh5 h6 21.Rh3 Ng6 22.g3 Ncxe5
23.Rxe5 Nxe5 24.Bxe5 Qe7 25.Nf3 f6 26.Bd4 e5 27.Bxa7 Rxa7 28.Nh4 Qf7 29.Qg4 Kh7
30.Nf5 Qg6 31.Qf3 Rd8 32.Rh4 e4 33.Qe3 Qxf5 34.Qxa7 Rd7 35.Nd4 Qxf2+ 36.Kxf2 Rxa7
37.Rf4 Rb7 38.a3 a5 39.Rf5 b4 40.Rxd5 bxa3 41.bxa3 Rb2+ 42.Ke3 Rxh2 43.c4  1-0

[Event "TCh-AUT 2002-3"]
[Site "Frohnleiten AUT"]
[Date "2002.12.05"]
[Round "1"]
[White "Schmidt,Geo"]
[Black "Riedner,M"]
[Result "1-0"]
[WhiteElo "2246"]
[BlackElo "2206"]

1.e4 e6 2.d4 d5 3.Nd2 a6 4.Ngf3 c5 5.exd5 exd5 6.dxc5 Bxc5 7.Nb3 Bb6 8.Bd3 Ne7
9.O-O h6 10.Nbd4 O-O 11.h3 Nbc6 12.Be3 Bc7 13.Qd2 Qd6 14.Nxc6 bxc6 15.b4 a5
16.a3 Ba6 17.Bc5 Qd8 18.Bxa6  1-0

[Event "ch-POL sf"]
[Site "Lubniewice POL"]
[Date "2002.12.06"]
[Round "7"]
[White "Janocha,W"]
[Black "Owczarzak,J"]
[Result "1/2-1/2"]
[WhiteElo "2266"]
[BlackElo "2318"]

1.e4 e6 2.d4 d5 3.Nd2 Be7 4.Bd3 c5 5.dxc5 Nf6 6.Qe2 Nc6 7.Ngf3 Bxc5 8.O-O Qc7
9.a3 O-O 10.exd5 exd5 11.Nb3 Bd6 12.h3 Re8 13.Qd1 Ne4 14.Be3 Bd7 15.Nbd4 a6
16.Nxc6 bxc6 17.c4 Bf4 18.Re1 Rad8 19.cxd5 Bxe3 20.Rxe3 cxd5 21.Qc2 Qb6 22.Bxe4 dxe4
23.Rxe4 Rxe4 24.Qxe4 Bc6 25.Qb4 Qxb4 26.axb4 Bxf3 27.gxf3 g5 28.Rxa6 Rd2
29.Ra2 Rd4 30.Ra4 Rd2 31.Ra2 Rd4 32.Ra8+ Kg7 33.Rb8 Rd2 34.Rc8 Rd4 35.Rb8 Rd2
36.Re8 Rxb2 37.Re4 Rb3 38.Kg2 f5 39.Rc4 f4 40.h4 Kg6 41.hxg5 Kxg5 42.Rc5+ Kh4
43.b5 Rb1 44.Rf5 h6 45.Rc5 Rb3 46.Rd5 Rb1  1/2-1/2

[Event "TCh-ESP"]
[Site "Mondariz ESP"]
[Date "2002.12.06"]
[Round "7"]
[White "Ruiz Jimenez,F"]
[Black "Baron Rodriguez,Je"]
[Result "1/2-1/2"]
[WhiteElo "2119"]
[BlackElo "2412"]

1.e4 e6 2.d4 d5 3.Nd2 Be7 4.Bd3 c5 5.dxc5 Nf6 6.Ngf3 O-O 7.O-O a5 8.Qe2 Na6
9.c4 Nxc5 10.cxd5 Nxd3 11.Qxd3 b6 12.Re1 Ba6 13.Qb3 Bc5 14.h3 exd5 15.e5 Ne8
16.Nf1 Nc7 17.Bg5 Qd7 18.Ng3 Ne6 19.Rad1 d4 20.Ne4 d3 21.Be3 Bb4 22.Bd2 Nc5
23.Nxc5 bxc5 24.e6 fxe6 25.Qxe6+ Qxe6 26.Rxe6 Rf6 27.Re5 c4 28.a3 Bxd2 29.Rxd2 a4
30.Ng5 Rb6 31.Ne4 Rab8 32.Ra5 Rxb2 33.Rxb2 Rxb2 34.Rxa6 Rb1+ 35.Kh2 d2 36.Nxd2 c3
37.Nxb1 c2 38.Rb6 c1=Q 39.Rb4 Qc2 40.Kg1 Kf7 41.h4 Qc1+ 42.Kh2 Qe1 43.Kg3 h6
44.Kf3 g5 45.hxg5 hxg5 46.g4 Qc1 47.Kg3 Ke6 48.Kf3 Kd5 49.Kg3 Kc5 50.Kg2 Qe1
51.Kf3  1/2-1/2

[Event "TCh-ESP"]
[Site "Mondariz ESP"]
[Date "2002.12.07"]
[Round "8"]
[White "Ruiz Jimenez,F"]
[Black "Hernando Rodrigo,Jo"]
[Result "1/2-1/2"]
[WhiteElo "2119"]
[BlackElo "2371"]

1.e4 e6 2.d4 d5 3.Nd2 a6 4.Ngf3 c5 5.dxc5 Bxc5 6.Bd3 Nf6 7.Qe2 dxe4 8.Nxe4 Nxe4
9.Qxe4 Nd7 10.O-O Nf6 11.Qh4 Nd5 12.Bg5 Be7 13.Qh5 Nf6 14.Qh4 Nd5 15.Qh5 Qc7
16.Rfe1 Nf4 17.Bxf4 Qxf4 18.Ne5 g6 19.Qe2 O-O 20.Rad1 f6 21.Nc4 Qc7 22.Qe3 Bc5
23.Qh6 b5 24.Be4 Ra7 25.Ne3 Qb6 26.Rd3 Rg7 27.Red1 Qc7 28.c3 f5 29.Bf3 g5
30.h3 Rg6 31.Qh5 Qg7 32.Rd8 Be7 33.Rxf8+ Qxf8 34.Bc6 g4 35.hxg4 Rg5 36.Qe8 fxg4
37.Qxf8+ Kxf8 38.Bd7 Bb7 39.Bxe6 g3 40.Bd5 Bc8 41.Bf3 Be6 42.b4 Re5 43.Nc2 Bxa2
44.Ra1 Bf7 45.fxg3 Bg6 46.Nd4 Re3 47.Rxa6 Rxc3 48.Nxb5 Rc1+ 49.Kh2 Bxb4 50.Nd4 Rc4
51.Ne6+  1/2-1/2

[Event "1st Ilijas Subasic Mem"]
[Site "Zenica BIH"]
[Date "2002.12.09"]
[Round "1"]
[White "Tomic,Bo"]
[Black "Sebestyen,Ba"]
[Result "0-1"]
[WhiteElo "2182"]
[BlackElo "2322"]

1.e4 e6 2.d4 d5 3.Nd2 Nc6 4.Ngf3 Nf6 5.e5 Nd7 6.c3 f6 7.exf6 Qxf6 8.Be2 Bd6
9.Nf1 O-O 10.Ne3 Qg6 11.Nh4 Qf7 12.O-O Nf6 13.f4 Ne7 14.g3 c5 15.Nf3 Bd7
16.Ne5 Qe8 17.a4 a6 18.N3g4 Nxg4 19.Bxg4 Nf5 20.Bxf5 Rxf5 21.Be3 Bxe5 22.fxe5 Rxf1+
23.Qxf1 cxd4 24.Bxd4 Bxa4 25.Qf4 Bb5 26.Qg4 Qf7 27.Bc5 Rc8 28.Bd6 h6 29.Qf4 Qg6
30.Rd1 Kh7 31.Qf2 Rc4 32.Rd4 Rxd4 33.cxd4 Qe4 34.Bf8 Bd3 35.h4 Kg6 36.g4 b6
37.b4 a5 38.bxa5 bxa5  0-1

[Event "Friendship B"]
[Site "Roznov CZE"]
[Date "2002.12.11"]
[Round "6"]
[White "Kanovsky,D"]
[Black "Jurek,J"]
[Result "1/2-1/2"]
[WhiteElo "2271"]
[BlackElo "2350"]

1.e4 e6 2.d4 d5 3.Nd2 Be7 4.Bd3 c5 5.dxc5 Nf6 6.Qe2 Nc6 7.Ngf3 Nb4 8.Nb3 a5
9.Bb5+ Bd7 10.Bxd7+ Nxd7 11.O-O a4 12.c3 Nxa2 13.Rxa2 dxe4 14.Qb5 exf3 15.Rd1 Qc7
16.Rxa4 Rd8 17.Ra7 O-O 18.Rxb7 Nxc5 19.Rxd8 Qxd8 20.Nxc5 Qd1+ 21.Qf1 Rd8
22.Nd7 Rxd7 23.Rxd7 Qxd7 24.gxf3 Qd5 25.Qe2 Bd6 26.Qd2 Qe5 27.f4 Qc5 28.Qd3 Bc7
29.Kg2 h6 30.Qf3 g5 31.Be3 Qb5 32.fxg5 hxg5 33.Qf6 Qd5+ 34.f3 g4 35.Qg5+ Qxg5
36.Bxg5 gxf3+ 37.Kxf3 Bxh2 38.Bf6 Kf8 39.b4 Ke8 40.c4 Bd6 41.c5 Be7 42.Bxe7 Kxe7
43.Ke4 Kd7 44.b5 f6 45.Kd4 Kc7 46.Ke4 Kd7 47.Kd4 Kc7 48.Ke3 Kd7 49.Kd3 Kc7
50.c6 Kd6 51.Kd4 f5  1/2-1/2

[Event "1st Ilijas Subasic Mem"]
[Site "Zenica BIH"]
[Date "2002.12.11"]
[Round "4"]
[White "Nurkic,S"]
[Black "Sebestyen,Ba"]
[Result "1-0"]
[WhiteElo "2394"]
[BlackElo "2322"]

1.e4 e6 2.d4 d5 3.Nd2 Nc6 4.Ngf3 Nf6 5.e5 Nd7 6.Bb5 Be7 7.O-O a5 8.Re1 Na7
9.Bd3 b6 10.Nf1 c5 11.c3 Nc6 12.Ng3 Ba6 13.Nh5 O-O 14.Bb1 cxd4 15.cxd4 g6
16.Nf4 Rc8 17.g3 Re8 18.h4 Nf8 19.Nh3 Qc7 20.a3 Bd8 21.Bg5 Bxg5 22.Nhxg5 Ne7
23.Nh2 Kg7 24.Ng4 Ng8 25.Qd2 Qe7 26.Qf4 Rc7 27.Nf6 Rec8 28.Nxg8 Kxg8 29.Nf3 h5
30.Kg2 Kg7 31.a4 Qb4 32.Ra3 Qxb2 33.Rae3 Qb4 34.Ng5 Qe7 35.Rf3 Nh7 36.Nxh7 Kxh7
37.g4 hxg4 38.Qxg4 Kg7 39.Rf6 Rg8 40.h5 Kf8 41.hxg6 Rc3 42.Qf4 Rg7 43.Rh1 Ke8
44.Rh8+ Kd7 45.Rxf7 Rxf7 46.gxf7  1-0

[Event "1st Ilijas Subasic Mem"]
[Site "Zenica BIH"]
[Date "2002.12.12"]
[Round "6"]
[White "Nurkic,S"]
[Black "Meszaros,Gyu"]
[Result "1-0"]
[WhiteElo "2394"]
[BlackElo "2345"]

1.e4 e6 2.d4 d5 3.Nd2 Nc6 4.Ngf3 Nf6 5.e5 Nd7 6.Bb5 a6 7.Bxc6 bxc6 8.Nb3 c5
9.Bg5 f6 10.exf6 gxf6 11.Bh4 c4 12.Nbd2 Be7 13.O-O Nf8 14.Re1 Ng6 15.Bg3 Kf7
16.b3 cxb3 17.cxb3 Bd7 18.Rc1 c6 19.Nb1 Qb6 20.Nc3 h5 21.Na4 Qb4 22.h4 Rac8
23.Nc5 Bxc5 24.Rxc5 e5 25.Bxe5 fxe5 26.Nxe5+ Nxe5 27.Rxe5 Bg4 28.f3 Be6 29.Qd3 Qb7
30.Rxe6  1-0

[Event "Salona Rapid 1hr"]
[Site "Solin-Spilt CRO"]
[Date "2002.12.13"]
[Round "4"]
[White "Sermek,D"]
[Black "Kovacevic,Vlat"]
[Result "0-1"]
[WhiteElo "2590"]
[BlackElo "2500"]

1.e4 e6 2.d4 d5 3.Nd2 a6 4.Ngf3 c5 5.exd5 exd5 6.dxc5 Bxc5 7.Nb3 Bb6 8.Bg5 Nf6
9.Qe2+ Be6 10.Nfd4 O-O 11.Nxe6 fxe6 12.Qxe6+ Kh8 13.O-O-O Nc6 14.Bd3 Qc7
15.f3 a5 16.Bxf6 a4 17.Bc3 axb3 18.Qh6 Be3+ 19.Qxe3 bxa2 20.Kd2 Qd6 21.Qb6 Qf4+
22.Qe3 Qd6 23.Qb6 Qf4+ 24.Ke2 Rae8+ 25.Kf1 d4 26.Be1 Qe3 27.Bf2 Rxf3  0-1

[Event "XV Carlos Torre"]
[Site "Merida MEX"]
[Date "2002.12.14"]
[Round "2"]
[White "Zapata,A"]
[Black "Peric,Sl"]
[Result "1-0"]
[WhiteElo "2556"]
[BlackElo "2282"]

1.e4 e6 2.d4 d5 3.Nd2 a6 4.Ngf3 c5 5.dxc5 Nf6 6.exd5 exd5 7.Nb3 Bg4 8.Be2 Nbd7
9.Nfd4 Be6 10.c6 bxc6 11.Nxc6 Qc7 12.Ncd4 Bd6 13.h3 O-O 14.O-O Nb6 15.Bd3 Rfe8
16.Bg5 Nfd7 17.Qh5 Nf8 18.Rae1 Nc4 19.Bc1 Bh2+ 20.Kh1 Bf4 21.Bxf4 Qxf4 22.Rb1 g6
23.Qf3 Qh4 24.Nxe6 fxe6 25.Qe2 Rac8 26.f4 e5 27.fxe5 Rxe5 28.Qf2 Qe7 29.Nd4 Nd7
30.Nf3 Re3 31.Rbe1 Re8 32.Bxc4 dxc4 33.Qd2 Nf6 34.Qd4 Kg7 35.Qxc4 Nh5 36.Qd4+ Kh6
37.Kg1 g5 38.Rxe3 Qxe3+ 39.Qxe3 Rxe3 40.Re1 Rxe1+ 41.Nxe1  1-0

[Event "XV Carlos Torre"]
[Site "Merida MEX"]
[Date "2002.12.15"]
[Round "3"]
[White "Guerrero,Ale"]
[Black "Gongora Montes,B"]
[Result "0-1"]
[WhiteElo "2020"]
[BlackElo "2269"]

1.e4 e6 2.d4 d5 3.Nd2 Be7 4.Ngf3 Nf6 5.Bd3 c5 6.c3 Nc6 7.O-O cxd4 8.cxd4 dxe4
9.Nxe4 Nb4 10.Nxf6+ gxf6 11.Bc4 a6 12.a4 b6 13.Bf4 Bb7 14.Re1 Nd5 15.Bg3 f5
16.Ne5 h5 17.Qe2 Rh7 18.h3 h4 19.Bh2 Rg7 20.Qh5 Nf6 21.Qh8+ Rg8 22.Qxh4 Rxg2+
23.Kf1 Rxh2 24.f3 Rh1+ 25.Kg2 Rxe1 26.Rxe1 Bd5 27.Qh8+ Bf8 28.Bd3 Qe7 29.Rc1 Ne4
30.Qg8 Qg5+ 31.Qxg5 Nxg5 32.h4 Nh7 33.Bxa6 Bd6 34.Bb5+ Ke7 35.Nd7 Rg8+ 36.Kf2 Bg3+
37.Ke2 Bxh4 38.Nxb6 Rg2+ 39.Kd3 Bxf3 40.Rc7+ Kf8 41.Nc4 Be1 42.Nd6 Ng5 43.b3 Be4+
44.Ke3 Bd2+  0-1

[Event "XV Carlos Torre"]
[Site "Merida MEX"]
[Date "2002.12.15"]
[Round "3"]
[White "Culbeaux,T"]
[Black "Gonzalez Garcia,J"]
[Result "0-1"]
[WhiteElo "2207"]
[BlackElo "2416"]

1.e4 e6 2.d4 d5 3.Nd2 Be7 4.Ngf3 Nf6 5.e5 Nfd7 6.Bd3 c5 7.c3 Nc6 8.O-O a5
9.Kh1 a4 10.Re1 a3 11.b3 cxd4 12.cxd4 g5 13.Nf1 Nf8 14.Be3 Bd7 15.Rc1 Nb4
16.Bb1 Ng6 17.Qd2 g4 18.Ng1 h5 19.Ne2 Bb5 20.Nf4 Nxf4 21.Bxf4 Kd7 22.Ne3 Qa5
23.Nd1 Bd3 24.Ne3 Bxb1 25.Rxb1 Rhc8 26.Rec1 Qa6 27.Rd1 Qb5 28.Bh6 Rc6 29.Nf1 Rc2
30.Qf4 Nd3 31.Qxf7 Nxf2+ 32.Kg1 Nxd1 33.Bg5 Re8 34.Rxd1 Rxg2+ 35.Kh1 Qe2
36.Rd2 Qf3  0-1

[Event "Salona Rapid 1hr"]
[Site "Solin-Spilt CRO"]
[Date "2002.12.15"]
[Round "7"]
[White "Pavasovic,D"]
[Black "Kovacevic,Vlat"]
[Result "0-1"]
[WhiteElo "2581"]
[BlackElo "2500"]

1.e4 e6 2.d4 d5 3.Nd2 Nc6 4.c3 e5 5.dxe5 dxe4 6.Qa4 Qd5 7.Qxe4 Qxe5 8.Ngf3 Qxe4+
9.Nxe4 Bf5 10.Ng3 Bg4 11.Be3 Bxf3 12.gxf3 O-O-O 13.f4 Nf6 14.Rd1 Rxd1+ 15.Kxd1 Nd5
16.Bh3+ Kb8 17.Bg2 Nce7 18.Ke2 c6 19.Rd1 Nxe3 20.fxe3 f5 21.Nh5 Kc8 22.Bh3 g6
23.Nf6 Bg7 24.Ne4 Nd5 25.c4 Nxf4+ 26.exf4 Re8 27.Bg2 Bxb2 28.Ke3 Bg7 29.h4 Kc7
30.h5 Re7 31.hxg6 hxg6 32.Rg1 Kb6 33.Rb1+ Ka5 34.Bf3 b6 35.Rg1 fxe4 36.Bxe4 Kb4
37.Rxg6 c5 38.f5 Bd4+ 39.Kd3 Ka3 40.Rg2 Rh7 41.Bd5 Bb2 42.Rf2 Bd4 43.Rg2 Rh4
44.Be6 a6 45.Bc8 b5 46.Bxa6 b4 47.Bc8 Be5 48.Be6 Rd4+  0-1

[Event "XV Carlos Torre"]
[Site "Merida MEX"]
[Date "2002.12.19"]
[Round "7"]
[White "Martin del Campo,R"]
[Black "Gongora Montes,B"]
[Result "1-0"]
[WhiteElo "2421"]
[BlackElo "2269"]

1.e4 e6 2.d4 d5 3.Nd2 Be7 4.Bd3 c5 5.dxc5 Nf6 6.Qe2 a5 7.Ngf3 Na6 8.Bb5+ Bd7
9.Ne5 Nxc5 10.Nxd7 Ncxd7 11.e5 Ng8 12.c4 Kf8 13.cxd5 exd5 14.O-O Bc5 15.Nf3 Qe7
16.Rd1 Nb6 17.Be3 Rc8 18.Rac1 h5 19.Qc2  1-0

[Event "XII It"]
[Site "Elgoibar ESP"]
[Date "2002.12.20"]
[Round "9"]
[White "Gomez Esteban,J"]
[Black "Herraiz Hidalgo,H"]
[Result "0-1"]
[WhiteElo "2476"]
[BlackElo "2458"]

1.e4 e6 2.d4 d5 3.Nd2 Be7 4.Ngf3 Nf6 5.e5 Nfd7 6.c3 c5 7.Be2 Nc6 8.O-O f6
9.exf6 Bxf6 10.Nb3 c4 11.Nbd2 O-O 12.Re1 b5 13.Nf1 b4 14.Ne3 bxc3 15.bxc3 Qa5
16.Bd2 g6 17.Ng4 Bg7 18.Qc1 h5 19.Nh6+ Kh7 20.Ng5+ Kxh6 21.Bxh5 Nf6 22.Bf3 Bd7
23.Nxe6+ Kh7 24.Nxg7 Kxg7 25.Bh6+ Kf7 26.Bxf8 Rxf8 27.Rb1 Rb8 28.Rxb8 Nxb8
29.h4 Nc6 30.Re2 Qc7 31.Qg5 Ne7 32.h5 Bf5 33.g4 Be4 34.hxg6+ Nxg6 35.Bxe4 dxe4
36.Rb2 Qd7 37.Rb5 Nh4 38.Qxh4 Qxb5 39.g5 Ne8 40.Qh5+ Ke7 41.Qh7+ Kd8 42.g6 Qg5+
43.Kf1 e3 44.fxe3 Qxe3 45.Qxa7 Qf3+ 46.Kg1 Qg3+ 47.Kf1 Qxg6 48.Qa5+ Nc7 49.Ke1 Qe4+
50.Kd2 Kd7 51.Qb4 Qd3+ 52.Kc1 Qe3+ 53.Kb2 Qd2+ 54.Kb1 Qe1+ 55.Kb2 Qe2+ 56.Kb1 Qe4+
57.Kb2 Qg2+ 58.Kb1 Qc6 59.Kb2 Nd5 60.Qf8 Qb6+ 61.Kc2 Qf6 62.Qxf6 Nxf6 63.Kb2 Kc6
64.Kc2 Kb5 65.Kb2 Ka4 66.Kc2 Ka3  0-1

[Event "Salona Rapid 1hr"]
[Site "Solin-Spilt CRO"]
[Date "2002.12.20"]
[Round "17"]
[White "Roschina,T"]
[Black "Kovacevic,Vlat"]
[Result "0-1"]
[WhiteElo "2265"]
[BlackElo "2500"]

1.e4 e6 2.d4 d5 3.Nd2 Nc6 4.Ngf3 Nf6 5.e5 Nd7 6.Bb5 a5 7.O-O Na7 8.Bd3 c5
9.c4 Nc6 10.cxd5 exd5 11.Re1 Be7 12.dxc5 Nxc5 13.Nb3 Nxd3 14.Qxd3 O-O 15.Be3 Bg4
16.Nbd4 Qd7 17.Rac1 Rfc8 18.Bd2 a4 19.h3 Be6 20.Qb5 h6 21.a3 Rc7 22.Rc3 Nxd4
23.Nxd4 Rxc3 24.Bxc3 Rc8 25.Qxd7 Bxd7 26.Re3 Rc4 27.Rd3 h5 28.Nf3 Be6 29.Nd4 g5
30.f3 Kg7 31.Kf2 Kg6 32.g4 Bc5 33.Ke2 Bd7 34.Nc2 Bb5 35.Kd2 Bc6 36.Ne3 Bxe3+
37.Kxe3 Rf4 38.Bd4 Bb5 39.Rd1 Bc4 40.Rg1 h4 41.Rc1 Kh7 42.Re1 Kg8 43.Rc1 Kf8
44.Bc5+ Ke8 45.Bd4 Kd7 46.Re1 Ke6 47.Rc1 Be2 48.Kxe2 Rxd4 49.Rc7 b5 50.Rb7 Rc4
51.Rxb5 Kxe5 52.Ke3 Rc1 53.Rb4 Rc2 54.Kd3 Rh2 55.Ke3 Rxh3 56.Rxa4 Rh2 57.b4 Rb2
58.Ra8 d4+ 59.Kd3 h3 60.Rh8 h2 61.Rh3 Rb3+ 62.Kc4 Rc3+ 63.Kb5 Rxa3 64.Rxh2 Rxf3
65.Kc6 Rc3+ 66.Kb6 d3 67.b5 Rc2 68.Rh8 d2 69.Rd8 Ke4 70.Ka7 Ra2+ 71.Kb7 Ke3
72.b6 Ra1 73.Re8+ Kf3  0-1

[Event "Rotary Open"]
[Site "Lindsborg Kansas USA"]
[Date "2002.12.21"]
[Round "6"]
[White "Zatonskih,A"]
[Black "Shulman,Y"]
[Result "1/2-1/2"]
[WhiteElo "2421"]
[BlackElo "2566"]

1.e4 e6 2.d4 d5 3.Nd2 Be7 4.c3 c5 5.dxc5 Bxc5 6.Nb3 Bb6 7.exd5 exd5 8.Qe2+ Ne7
9.Be3 Bxe3 10.Qxe3 O-O 11.Be2 Nf5 12.Qd2 Re8 13.Nf3 Qe7 14.Nfd4 Nxd4 15.Nxd4 Nc6
16.Nxc6 bxc6 17.O-O  1/2-1/2